000 00886nam a2200301 4500
001 20637
003 BD-RjUL
005 20211209000606.0
008 140301s1968 ii b 001 0 eng
035 _a(OCoLC)ocm00118007
035 _a(BD-RjUL)20699
040 _aDLC
_cDLC
_dZCU
_dBD-RjUL
_beng
041 _aeng
082 0 0 _a801.93
_bMOR 1968
100 1 _aMohan, G. B.
_963675
245 1 4 _aThe response to poetry :
_ba study in comparative aesthetics
_cby G. B. Mohan.
260 _aNew Delhi :
_bPeople's Pub. House,
_c1968.
300 _axi, 166 p. ;
_c22 cm.
504 _aBibliography: p. [147]-158. and index.
650 0 _aAesthetics.
_963676
650 0 _aExperience.
_922
650 0 _aAesthetics, Indic.
_93946
650 0 _aPoetry.
_963677
650 0 _aEmotions in literature.
_963678
942 _2ddc
_cBK
999 _c20637
_d20637